000 00394nam a2200169Ia 4500
003 GCL
008 140319s9999 xx 000 0 eng d
040 _aGCL /
_cGCL
082 0 4 _a952
_bK U
100 1 _aKIKUCHI, SADAO
245 1 0 _aUKIYOE /
_cKIKUCHI, SADAO
260 _a[S.N] :
_bHOIKUSHA ،
_c1992
300 _a124 P
650 0 4 _aASIA
650 0 4 _aJAPAN - HISTORY
942 _2ddc
_cBK
999 _c19677
_d19677